Normal view
MARC view
- Rehman Sami Ur
Entry Personal Name
001 - CONTROL NUMBER
- control field: 120865
003 - CONTROL NUMBER IDENTIFIER
- control field: NUST
005 - DATE AND TIME OF LATEST TRANSACTION
- control field: 20240220152047.0
008 - FIXED-LENGTH DATA ELEMENTS
- fixed length control field: 240220|| aca||aabn | a|a d
040 ## - CATALOGING SOURCE
- Original cataloging agency: NUST
- Transcribing agency: NUST
100 ## - HEADING--PERSONAL NAME
- Personal name: Rehman Sami Ur
670 ## - SOURCE DATA FOUND
- Source citation: Work cat.: (NUST): Rehman Sami Ur , ANTECEDENTS AND OUTCOMES OF RICE EXPORTER’S WILLINGNESS TO ADOPT PRODUCT TRACEABILITY MECHANISM/
